¿Quién teme a la naturaleza humana? (Record no. 177332)

MARC details
000 -LEADER
campo de control de longitud fija 01354nam a2200337 4500
001 - NÚMERO DE CONTROL
campo de control 177332
003 - IDENTIFICADOR DE NÚMERO DE CONTROL
campo de control ES-MaACL
005 - FECHA Y HORA DE LA ÚLTIMA TRANSACCIÓN
campo de control 20250822032137.0
008 - DATOS DE LONGITUD FIJA--INFORMACIÓN GENERAL
campo de control de longitud fija 110315s2008 sp |||| | spa d
017 ## - NÚMERO DE COPYRIGHT O DE DEPÓSITO LEGAL
Número de copyright o de depósito legal M.52.275-2008
020 ## - NÚMERO INTERNACIONAL ESTÁNDAR DEL LIBRO
Número Internacional Estándar del Libro 9788430948253
080 ## - NÚMERO DE LA CLASIFICACIÓN DECIMAL UNIVERSAL
Número de la Clasificación Decimal Universal 57:1
080 ## - NÚMERO DE LA CLASIFICACIÓN DECIMAL UNIVERSAL
Número de la Clasificación Decimal Universal 159.922.6/.8
080 ## - NÚMERO DE LA CLASIFICACIÓN DECIMAL UNIVERSAL
Número de la Clasificación Decimal Universal 111
100 1# - ENTRADA PRINCIPAL--NOMBRE DE PERSONA
Nombre de persona Castro Nogueira, Laureano.
9 (RLIN) 36940
245 11 - MENCIÓN DEL TÍTULO
Título ¿Quién teme a la naturaleza humana?
Resto del título : "homo suadens" y el bienestar en la cultura: biología evolutiva, metafísica y ciencias sociales /
Mención de responsabilidad, etc. Laureano Castro Nogueira, Luis Castro Nogueira, Miguel Ángel Castro Nogueira.
260 ## - PUBLICACIÓN, DISTRIBUCIÓN, ETC.
Lugar de publicación, distribución, etc. Madrid :
Nombre del editor, distribuidor, etc. Tecnos,
Fecha de publicación, distribución, etc. [2008]
300 ## - DESCRIPCIÓN FÍSICA
Extensión 557 p. ;
Dimensiones 24 cm.
504 ## - NOTA DE BIBLIOGRAFÍA, ETC.
Nota de bibliografía, etc. Bibliografía: p. 549-557.
650 07 - PUNTO DE ACCESO ADICIONAL DE MATERIA--TÉRMINO DE MATERIA
Término de materia o nombre geográfico como elemento de entrada Biología-
Subdivisión general Filosofía.
9 (RLIN) 10585
650 07 - PUNTO DE ACCESO ADICIONAL DE MATERIA--TÉRMINO DE MATERIA
Término de materia o nombre geográfico como elemento de entrada Psicología evolutiva
Fuente del encabezamiento o término embne
9 (RLIN) 16563
650 #7 - PUNTO DE ACCESO ADICIONAL DE MATERIA--TÉRMINO DE MATERIA
Término de materia o nombre geográfico como elemento de entrada Metafísica
Fuente del encabezamiento o término embne
9 (RLIN) 15012
700 1# - ENTRADA AGREGADA--NOMBRE PERSONAL
Nombre de persona Castro Nogueira, Luis.
9 (RLIN) 36941
700 1# - ENTRADA AGREGADA--NOMBRE PERSONAL
Nombre de persona Castro Nogueira, Miguel Ángel.
9 (RLIN) 36942
852 ## - LOCALIZACIÓN
Ubicación ES-MaACL
itemnumber 184150
Número de control de estantería A-11036
Signatura antigua Olim: N-4041
Ubicación en estantería Depósito 1
Encuadernación Donacion: Laureano Castro Nogueira ; Luis Castro Nogueira ; Miguel Ángel Castro Nogueira
903 ## - NOMBRE PERSONAL DE DONANTE
9 36940
a Castro Nogueira, Laureano
e Donante
903 ## - NOMBRE PERSONAL DE DONANTE
9 36941
a Castro Nogueira, Luis
e Donante
903 ## - NOMBRE PERSONAL DE DONANTE
9 36942
a Castro Nogueira, Miguel Ángel
e Donante
942 ## - ELEMENTOS DE ENTRADA SECUNDARIOS (KOHA)
Fuente del sistema de clasificación o colocación Clasificación decimal universal
Tipo de ítem Koha Libro impreso
Holdings
Estatus retirado Estado de pérdida Fuente del sistema de clasificación o colocación Estado de daño No para préstamo Biblioteca de origen Biblioteca actual Ubicación en estantería Fecha de adquisición Fuente de adquisición Total de préstamos Signatura topográfica completa Código de barras Visto por última vez Precio de reemplazo Tipo de ítem Koha
    Clasificación decimal universal     Biblioteca del Ateneo de Madrid Biblioteca del Ateneo de Madrid Depósito 1 15/03/2011 Donación   A-11036 1186249 23/02/2023 23/02/2023 Libro impreso